Advanced strength of materials (Record no. 6074)

000 -LEADER
fixed length control field 00525nam a2200193 4500
001 - CONTROL NUMBER
control field 6074
003 - CONTROL NUMBER IDENTIFIER
control field BD-DhHUET
008 - FIXED-LENGTH DATA ELEMENTS--GENERAL INFORMATION
fixed length control field 790809s1952 nyua 001 0 eng
020 ## - INTERNATIONAL STANDARD BOOK NUMBER
International Standard Book Number 070164002
040 ## - CATALOGING SOURCE
Original cataloging agency DLC
Transcribing agency DLC
Modifying agency BD-DhHUET
082 ## - DEWEY DECIMAL CLASSIFICATION NUMBER
Classification number 620.11
Item number DEN/1952
100 1# - MAIN ENTRY--PERSONAL NAME
Personal name Den Hartog, J. P.
245 10 - TITLE STATEMENT
Title Advanced strength of materials
Statement of responsibility, etc. by Den Hartog, J. P.
250 ## - EDITION STATEMENT
Edition statement 1st ed.
260 ## - PUBLICATION, DISTRIBUTION, ETC. (IMPRINT)
Place of publication, distribution, etc. New York
Name of publisher, distributor, etc. McGraw-Hill
Date of publication, distribution, etc. 1952
300 ## - PHYSICAL DESCRIPTION
Extent ix,379 p.
Other physical details illus.
Dimensions 24 cm.
650 #0 - SUBJECT ADDED ENTRY--TOPICAL TERM
Topical term or geographic name as entry element Strength of materials: engineering
942 ## - ADDED ENTRY ELEMENTS (KOHA)
Koha item type General Book
Holdings
Source of classification or shelving scheme Koha full call number Sublocation or collection (holding branch) Location (home branch) Price effective from Piece designation (barcode) Withdrawn status Not for loan Lost status Damaged status Date acquired Koha date last seen Koha item type Koha normalized classification for sorting Shelving location Copy number
 620.11/DEN/1952Central Library, BUETCentral Library, BUET2014-11-3087925    2014-11-302014-11-30General Book620_000000000000000_11DEN1952Circulation section1
 620.11/DEN/1952Central Library, BUETCentral Library, BUET2015-04-2329906    2015-04-232015-04-23General Book620_110000000000000_DEN_1952Circulation section2
 620.11/DEN/1952Central Library, BUETCentral Library, BUET2015-04-2329901    2015-04-232015-04-23General Book620_110000000000000_DEN_1952Circulation section3
 620.11/DEN/1952Central Library, BUETCentral Library, BUET2015-04-2334760    2015-04-232015-04-23General Book620_110000000000000_DEN_1952Circulation section4
 620.11/DEN/1952Central Library, BUETCentral Library, BUET2015-04-2329903    2015-04-232015-04-23General Book620_110000000000000_DEN_1952Circulation section5
 620.11/DEN/1952Central Library, BUETCentral Library, BUET2015-04-2334761    2015-04-232015-04-23General Book620_110000000000000_DEN_1952Circulation section6
 620.11/DEN/1952Central Library, BUETCentral Library, BUET2015-04-2329908    2015-04-232015-04-23General Book620_110000000000000_DEN_1952Circulation section7
 620.11/DEN/1952Central Library, BUETCentral Library, BUET2015-04-2329905    2015-04-232015-04-23General Book620_110000000000000_DEN_1952Circulation section8
 620.11/DEN/1952Central Library, BUETCentral Library, BUET2015-04-2329904    2015-04-232015-04-23General Book620_110000000000000_DEN_1952Circulation section9
 620.11/DEN/1952Central Library, BUETCentral Library, BUET2015-04-2534762    2015-04-252015-04-25General Book620_110000000000000_DEN_1952Circulation section10
 620.11/DEN/1952Central Library, BUETCentral Library, BUET2015-04-2529907    2015-04-252015-04-25General Book620_110000000000000_DEN_1952Circulation section11